Concordancias de la Biblia: Nuevo Testamento

Saved in:
Bibliographic Details
Main Author: García Rodríguez, Santiago (Author)
Format: Book
Language:Spanish
Published: Bilbao Desclée de Brouwer 1975
Subjects:
Tags: Add Tag
No Tags, Be the first to tag this record!

MARC

LEADER 00000nam a2200000 a 4500
001 UCZ5563
003 CL-VaPUC
008 951124e19750000SP |||||||||||||||||spa|d
082 0 4 |a 225.6  |b GAR  |2 21 
100 0 |a García Rodríguez, Santiago  |e author  |9 349650 
245 1 0 |a Concordancias de la Biblia: Nuevo Testamento 
300 |a 737 p 
942 |c BK 
945 |d 19951124 00:00:00  |a aalvarez 
260 |a Bilbao  |b Desclée de Brouwer  |c 1975 
650 0 |a Biblia  |9 257603 
650 0 |a Nuevo testamento  |9 257604 
650 7 |a CONCORDANCIA  |2 CL-VaPUC  |9 349651 
583 |a last modification  |c 19951124 00:00:00  |k Rodrigo Vera 
999 |c 241859  |d 241857 
952 |0 0  |1 0  |4 0  |6 225_600000000000000_GAR_1975  |7 0  |8 F  |9 254383  |a BIBTEO  |b BIBTEO  |d 2019-11-19  |i 2020998  |o 225.6 GAR 1975  |p 2020998  |r 2025-01-17  |w 2019-11-19  |y BK_F  |k ICR